000 00323nam a2200133Ia 4500
005 20251222144722.0
008 251222s9999||||xx |||||||||||||| ||spa||
020 _a84-220-0898-X
082 _a262.91/J81I
100 _aWojtyla, Karol
245 0 _aMensaje a la Iglesia de Latinoamérica
264 _bEDICA
942 _cLIB
999 _c18236
_d18236